1756 1035 1572 1165 1694 1113 1127 1445 1759 1675 1130 1130 1657 1595 1828 1192 1691 1986 1963 1373 1590 1988 1009 1979 1392 1234 1952 1185 1217 1249 1335 1629 1670 1288 1766 1289 1146 1072 1710 1925 1704 1624 1523 1263 1590 1786 1955 1951 1029 1256 1899 1151 1823 1201 1274 1635 1285 1633 1069 1549 1408 1584 1750 1987 1773 1575 1789 1717 1950 1144 1044 1201 1038 1138 1729 1767 1022 1499 1886 1552 1728 1329 1854 1128 1964 1026 1052 1337 1061 1198 1163 1928 1316 1958 1912 1859 1636 1156 1233 BCNSPRNW ULIB Ver.6.0+V

เปลี่ยนเป็นภาษาไทย

Change to English
 แสดงรายละเอียดบรรณานุกรม
  กลับหน้าหลัก

Brief Record : Get Marc (ISO 2709) : E-mail record : QR code < ปิดหน้าต่าง
LEADER : 00000nam 2200000uu 4500
001    13399123213
003     ULIB
008    020711s2551 th a 000 0 tha d
020    9789740677864
090    นว.^bก635ร
100    กิ่งพยอม
245    รักก้นขวิดพิชิตใจเธอ /^cกิ่งพยอม
250    พิมพ์ครั้งที่ 1
260    กรุงเทพฯ :^bนกฮูก,^c2551
300    287 หน้า;^b21 ซม.
710    นกฮูก
945    ^p0^l0^i20349
999    ^aทศพร เกษรทอง
รายการนี้ยังไม่มีแท็ก
คุณยังไม่ได้ล็อกอิน คุณสามารถมีกิจกรรมร่วมกับเว็บไซต์ได้ แต่ต้องล็อกอินก่อน ::
  ล็อกอิน

รายการสื่อสารสนเทศ

ลำดับที่ ประเภท เลขเรียก/บาร์โค้ด สถานที่ สถานะ
1. นวนิยาย
นวนิยาย
นว. ก635ร ฉ.1 
  Barcode: 20349
ห้องสมุดวิทยาเขตนครสวรรค์
►นวนิยาย:l:Fiction
บนชั้น

รายการใกล้เคียง
    ผู้แต่ง [กิ่งพยอม]

BibComment


ยังไม่เคยถูกคอมเมนท์

คอมเมนท์ทรัพยากรรายการนี้
  คอมเมนท์: รักก้นขวิดพิชิตใจ..


 Copyright 2026. Bcnsprnw @Library